La opinión pública y la propaganda
Salvato in:
| Autore principale: | |
|---|---|
| Natura: | Libro |
| Lingua: | spagnolo |
| Pubblicazione: |
Ciudad de México
Paidós Mexicana
1993
|
| Serie: | Colección Paidós Studio
|
| Soggetti: | |
| Tags: |
Aggiungi Tag
Nessun Tag, puoi essere il primo ad aggiungerne!!
|
MARC
| LEADER | 00000nam a2200000 a 4500 | ||
|---|---|---|---|
| 001 | UCR5443 | ||
| 003 | CL-VaPUC | ||
| 008 | 980327e19930000MX |||||||||||||||||spa|d | ||
| 082 | 0 | 4 | |a 302.23 |b YOU |2 21 |
| 100 | 0 | |a Young, K |e author |9 406377 | |
| 245 | 1 | 3 | |a La opinión pública y la propaganda |
| 300 | |a 236 p | ||
| 942 | |c BK | ||
| 945 | |d 19980327 00:00:00 |a rbrito | ||
| 260 | |a Ciudad de México |b Paidós Mexicana |c 1993 | ||
| 650 | 0 | |a Opinión pública |9 255512 | |
| 650 | 0 | |a Medios de comunicación de masas |9 257273 | |
| 650 | 7 | |a COMUNICACION DE MASAS |2 CL-VaPUC |9 334823 | |
| 650 | 0 | |a Cine |9 225706 | |
| 650 | 0 | |a Prensa |9 258117 | |
| 650 | 0 | |a Radiodifusión |9 308795 | |
| 650 | 0 | |a Propaganda |9 322285 | |
| 650 | 7 | |a NOTICIA PERIODISTICA |2 CL-VaPUC |9 406378 | |
| 583 | |a last modification |c 19980327 00:00:00 |k Rodrigo Vera | ||
| 490 | 0 | |a Colección Paidós Studio | |
| 999 | |c 268041 |d 268039 | ||
| 952 | |0 0 |1 0 |4 0 |6 302_230000000000000_YOU_1993 |7 0 |8 A |9 300905 |a BIBCUR |b BIBCUR |d 2019-11-20 |i 3408582 |l 3 |m 4 |o 302.23 YOU 1993 |p 3408582 |r 2025-04-22 |s 2023-03-16 |w 2019-11-20 |y BK |k PER | ||